Todos mis nombres : testimonio de una sobreviviente del Holocausto /

Mónica nació en el Gueto de Lida, en 1941, en medio del horror y la devastación que la Shoá representaba. Sus padres tuvieron que tomar la decisión más valiente y amorosa: entregarla a una familia polaca para que la protegiera. Así comienza un extenso recorrido de cambio de países, de familias, de i...

Descripción completa

Guardado en:
Autor Principal: Dawidowicz, Mónica.
Otros Autores: Orensztajn, Cynthia; il.
Formato: Libro
Idioma:Undetermined
Publicado: Florida : Wolkowicz Editores, 2018.
Edición:2a ed.
Materias:
Etiquetas: Agregar Etiqueta
Sin Etiquetas, Sea el primero en etiquetar este registro!
LEADER 01287nam a22002535a 4500
001 CEM.cems020347
008 230815s2018####xx############000#0#und#d
005 20230815145855.0
245 1 0 |a Todos mis nombres :  |b testimonio de una sobreviviente del Holocausto /  |c Mónica Dawidowicz ; ilustrado por Cynthia Orensztajn. 
250 |a 2a ed. 
260 |a Florida :  |b Wolkowicz Editores,  |c 2018. 
300 |a 168 p. 
520 |a Mónica nació en el Gueto de Lida, en 1941, en medio del horror y la devastación que la Shoá representaba. Sus padres tuvieron que tomar la decisión más valiente y amorosa: entregarla a una familia polaca para que la protegiera. Así comienza un extenso recorrido de cambio de países, de familias, de idiomas y de nombres. El relato de la vida de esta niña que se hizo mujer nos conmueve tramo a tramo; con cada huella con la que va reconstruyendo su historia. 
020 |a 9789874577184 
100 1 |a Dawidowicz, Mónica. 
700 1 |a Orensztajn, Cynthia; il. 
653 |a Holocausto 
653 |a Identidad 
653 |a Autobiografía 
653 |a Shoá 
653 |a Segunda Guerra Mundial 
653 |a Literatura 
859 |a CEMS  |b BIB. CEMS - 11 de abril  |h 928  |i D322  |p 29594.23  |t Ej.1 
859 |a CEMS  |b BIB. CEMS - 11 de abril  |h 928  |i D322  |p 29595.23  |t Ej.2